000 00448pab a2200169 454500
008 180718b2015 xxu||||| |||| 00| 0 eng d
100 _aBandi, Madhusudan
245 _aForest rights act: Land distribution and livelihoods of forest dependenet people
260 _c2015
300 _ap.59-66.
362 _a24 Jan
650 _aLand tenure
650 _aForests
773 _aEconomic and Political Weekly
908 _aN
909 _a106961
999 _c106956
_d106956